| 000 | 02259 a2200241 4500 | ||
|---|---|---|---|
| 001 | 171 | ||
| 005 | 20260407155414.0 | ||
| 008 | 260407a2006 arg spa d | ||
| 003 | AR-UNSa-BCEJYS | ||
| 040 |
_aAR-UNSa-BCEJYS _bspa _cAR-UNSa-BCEJYS |
||
| 080 |
_a341 _xDerecho internacional |
||
| 245 | 1 | 0 |
_aDerecho económico internacional _pEncuentro académico entre la Universidad Católica de Lovaina y la Universidad de Buenos Aires |
| 020 | _a978-987-03-0928-4 | ||
| 264 | 1 |
_aBuenos Aires : _bUniversidad de Buenos Aires. Facultad de Derecho _c2006 |
|
| 300 |
_axxviii, 432 p. _c24 cm. |
||
| 505 | _a1. Derecho de la competencia y propiedad intelectual en el Mercosur - 2. La transformación del derecho económico en Europa: el ejemplo de las telecomunicaciones - 3. Derecho de la competencia - 4. De la Bolsa de fondos públicos y de cambio del Reino de Bélgica a Brussels Exchanges - 5. Privatizaciones, mercado de capitales e inversión externa: La experiencia Argentina - 6. La protección de los accionistas en el derecho belga - 7. El Corporate Governance ¿Una nueva perspectiva para las sociedades? - 8. Conflictos societarios: una visión general y particular del derecho argentino - 9. Régimen de sociedades comerciales en la República Argentina. Necesidad de su reforma mediante la aplicación de la doctrina del "Buen gobierno corporativo" (Corporate Goverment) - 10. Adquisiciones de empresas - 11. Transporte fluvial. Hacia un sistema normativo propio - 12. Las libertades fundamentales y el Régimen tributario de ganancias en aplicación directa de las disposiciones del Tratado de Roma por parte de la Corte de Justicia - 13. Establecimiento permanente y comercio electrónico - 14. Estudio preliminar sobre el problema de la doble imposición entre el reino de Bélgica y la República Argentina - 15. La responsabilidad penal de las personas jurídicas en el derecho belga - 16. Responsabilidad penal de las personas jurídicas | ||
| 041 | _aspa | ||
| 942 | _cBK | ||
| 590 | _aniveau_biblio:m niveau_hierar:0 | ||
| 100 | 1 | _aGómez Masía, María Cecilia | |
| 700 | 1 | _aCzar de Zalduendo, Susana | |
| 856 | 4 | 1 |
_uhttps://biblioeco.unsa.edu.ar/pmb/images/libros/Derecho Economico Internacional-l117418.jpg _yImagen de portada _qimage/jpeg |
| 999 |
_c132 _d132 |
||